000 00570nam a22001817a 4500
005 20240920140414.0
008 240918b |||||||| |||| 00| 0 eng d
020 _a978-93-88280-73-0
041 _aeng
082 _a615.321
100 _aBAJWA, DR. BAIJINDER SINGH & PATEL, DR. RASHMIKA AND FAROOQUI, DR. NASIRUDDIN AHMAD
_98534
245 _aPHARMACOGNOSY AND PHYTOCHEMISTRY - I [B. PHARMA, 4TH SEMESTER]
250 _a2ND, RE-PRINT ED. 2023
260 _aLUCKNOW
_bTHAKUR PUBLICATION PVT.LTD
300 _a272;P
650 _aPHARMACY
_xB.PHARMA
942 _cBK
999 _c8663
_d8661